| 000 | 00780nam a2200229 a 4500 | ||
|---|---|---|---|
| 001 | 000030642 | ||
| 005 | 20240412074255.0 | ||
| 008 | 110525s2011 dr 000 j spa d | ||
| 020 | _a9789945453171 | ||
| 040 |
_aDO-SdBNP _bspa _cBNPHU |
||
| 082 |
_aRD863.44 _bM385ma |
||
| 100 | 1 |
_aMartínez, Maricela, _d1962- _957230 |
|
| 245 | 1 | 0 |
_aMarido de alquiler / _cMaricela Martínez. |
| 246 | 1 | 0 |
_aMarido de alquiler : _by otras historias |
| 260 |
_aSanto Domingo : _bEditorial Somos Literatura, _c2011. |
||
| 300 |
_a132 p ; _c21 cm. |
||
| 500 | _aIncluye datos biográficos de la autora en la solapa de la cubierta | ||
| 590 | _aInventariado, 2019/MFF | ||
| 650 | 0 |
_aCuentos dominicanos _9176 |
|
| 650 | 0 |
_aLiteratura dominicana. _967 |
|
| 910 | _aValidado. Control de calidad MFF | ||
| 999 |
_c30134 _d30134 |
||